000 01631cam a2200493 4500
008 040910n2004 000 0 eng u
020 _a1843766477
035 _a(Sirsi) u127312
041 _aeng
050 _a336.22
_c18
245 _aInternational handbook of land and property taxation
260 _aCheltenham
_bEdward Elgar
_c2004
300 _aviii, 311p.
_c25cm.
350 _a95
520 _aThis comprehensive handbook examines case studies of land and property taxation in 25 countries,focusing on the potential contributions of the property tax to the revenues of urban and rural governments and to more efficient land use. Introductory chapters highlight the diversity in the application of land and property taxes among the countries. The remaining chapters focus on five countries in each of the five regions: OECD, Central and Eastern Europe, Asia, Africa and Latin America. References.
650 _aCANADA
650 _aUNITED KINGDOM
650 _aINDONESIA
650 _aINDIA
650 _aPHILIPPINES
650 _aTHAILAND
650 _aCHINA
650 _aKENYA
650 _aTANZANIA
650 _aREPUBLIC OF SOUTH AFRICA
650 _aGUINEA
650 _aTUNISIA
650 _aHUNGARY
650 _aRUSSIA
650 _aUKRAINE
650 _aPOLAND
650 _aLATVIA
650 _aCOLOMBIA
650 _aARGENTINA
650 _aCHILE
650 _aMEXICO
650 _aNICARAGUA
650 _aLAND TAX
650 _aPROPERTY TAXES
690 _aTAXATION
700 _aBird, Richard M.
_xEditor
700 _aSlack, Enid
_xEditor
942 _n0
999 _c103723
_d103723